|
|
|
|
| LEADER |
01212nam a2200241 a 4500 |
| 008 |
090517s2001 bg a b 100 0 eng d |
| 020 |
|
|
|a 9843115279 (pbk.)
|
| 082 |
0 |
0 |
|a 624.5492
|2 21
|
| 111 |
2 |
|
|a The First International Conference and Annual Paper Meet on Civil Engineering.
|b IEB Chittagong Center
|c 2-3 November 2001
|
| 245 |
1 |
0 |
|a Proceedings of the International Conference and Annual Paper Meet on Civil Engineering /
|c editors, Salek M. Seraj, Mashraf Ali, Bashir Ahmed.
|
| 260 |
|
|
|a Chittagong, BAN :
|b Civil Engineering Division,Institutions of Engineers,Bangladesh
|c c2001.
|
| 300 |
|
|
|a iii,416 p. :
|b ill.;
|c 24 cm.
|
| 504 |
|
|
|a Includes bibliographical references.
|
| 541 |
1 |
|
|e 00011552
|
| 650 |
|
0 |
|a Civil engineering
|z Bangladesh
|
| 700 |
1 |
|
|a Seraj, Salek M.
|
| 700 |
1 |
|
|a Ali, Mashraf
|
| 700 |
1 |
|
|a Ahmed, Bashir
|
| 710 |
2 |
|
|a Institutions of Engineers,
|b Civil Engineering Division,
|c Bangladesh.
|
| 710 |
2 |
|
|a FEISCA
|
| 852 |
4 |
|
|a Ayesha Abed Library
|j Generalshelf
|
| 999 |
|
|
|c 752
|d 752
|
| 952 |
|
|
|0 0
|1 0
|2 ddc
|4 0
|6 624_549200000000000_PRO_2001
|7 0
|8 NFIC
|9 694
|a BRACUL
|b BRACUL
|c GEN
|d 2009-05-17
|g 0.00
|l 0
|o 624.5492 PRO
|p 3010011552
|r 2009-05-17
|t 1
|w 2009-05-17
|y BK
|x No price found in the accession register.
|